000 00899nam a2200265 a 4500
001 000022881
003 DO-SdBNP
005 20250707112615.0
008 101122s1983 sp 000 0 spa d
040 _aDO-SdBNP
_bspa
_cBNPHU
082 _a330.1
_bS392d, 1983
100 1 _aSchumpeter, Joseph A.
_947025
240 1 0 _aTen great economist. Fron Marx to Keynes.
_lEspañol
245 1 0 _aDiez grandes economistas: de Marx a Keynes /
_cJoseph A. Schumpeter ; traducción Ángel de Lucas.
250 _a5a ed.
260 _aMadrid :
_bAlianza,
_c1983.
300 _a445 p. ;
_c18 cm.
490 1 _aEl Libro de Bolsillo. Ciencia y Técnica
_v78
650 0 _aEconomia
_985383
650 4 _aEconomía
_xHistoria
_xEnsayos
_947027
650 4 _aEconomistas
_919911
700 1 _aLucas, Ángel de,
_etr.
_947028
830 0 _aEl Libro de Bolsillo.
_pCiencia y Técnica
_v78
_947029
942 _2ddc
_cLBS1
999 _c22378
_d22378